Le parcours du PSG LDC 2025/2026 - Statistiques

Statistiques générales
  • Ce quiz a été pris 160 fois
  • Le résultat moyen est 14 sur 16
Statistiques - réponses
Matchs Journée/Tour Scores % Correct
Paris-SG - Newcastle Journée 8 1-1
99%
Bayern Munich - Paris-SG 1/2 retour 1-1
99%
Paris-SG - Bayern Munich 1/2 aller 5-4
99%
Barcelone - Paris-SG Journée 2 1-2
96%
Paris-SG - Bayern Munich Journée 4 1-2
96%
Sporting Lisbonne - Paris-SG Journée 7 2-1
96%
Paris-SG - Liverpool 1/4 aller 2-0
94%
Paris-SG - AS Monaco Barrages retour 2-2
91%
AS Monaco - Paris-SG Barrages aller 2-3
91%
Liverpool - Paris-SG 1/4 retour 0-2
90%
Chelsea - Paris-SG 1/8 retour 0-3
90%
Paris-SG - Chelsea 1/8 aller 5-2
89%
Paris-SG - Atalanta Bergame Journée 1 4-0
87%
Athletic Bilbao - Paris-SG Journée 6 0-0
84%
Bayer Leverkusen - Paris-SG Journée 3 2-7
75%
Paris-SG - Tottenham Journée 5 5-3
72%
Aucun quiz correspondant
Distribution des résultats
% des personnes avec chaque résultat
Percentile par nombre de réponses
Votre historique - résultats
Vous n’avez pas pris ce quiz